01612nam a2200217Ia 4500999001500000020001800015082001900033100001900052245008200071260004300153300001400196504001900210520087000229650002901099650004101128650003601169650002901205700002501234942001201259952012301271 c9372d9372 a9780300215922 a320.954bGAN-A aGanguly, Sumit 0aAscending India and its state capacity:b extraction, violence and legitimacy aNew HavenbYale University Pressc2017 aix, 338p. aincludes index aIndia’s ascent as a formidable power on the world stage and its geopolitical ramifications have received much attention in recent years. This comprehensive study by Sumit Ganguly and William Thompson, two highly distinguished scholars of political science and international relations, delves into the intricate inner workings of this great Asian nation to reveal an Indian state struggling to maintain national security, domestic order, and steady fiscal growth despite weaknesses in its economic and political institutions. The authors’ sobering account questions India’s perceived strengths and domestic and foreign policy initiatives while focusing on the South Asian giant’s infrastructural and economic growth problems, opposition to reform, and other important hurdles the nation has faced and will continue to face over the coming decade and beyond.  aViolence monopolyzIndia aDefence and security policieszIndia aDemorcratic institutionszIndia aPolitical economyzIndia aThompson, William R. cBK2ddc 00104070aNASSDOCbNASSDOCd2018-03-26eOPi2018-02-28l0o320.954 GAN-Ap49904r2019-04-18 00:00:00w2019-04-18yBK